[Event "V Campeonato de España de Selecciones Au"]
[Site "Tossa de Mar"]
[Date "2010.04.30"]
[Round "2"]
[White "Garro Beraza, Julen"]
[Black "Grace Coletes, Angela"]
[Result "1-0"]
[WhiteElo "1881"]
[BlackElo "1750"]
[PlyCount "59"]
[EventDate "2010.04.29"]
[EventType "team"]
[EventRounds "6"]
[EventCountry "ESP"]
[WhiteTeam "Euskadi"]
[BlackTeam "Asturias"]

1. e4 c5 2. Nf3 a6 3. d4 cxd4 4. Nxd4 Nf6 5. Nc3 e5 6. Nf3 Bb4 7. Bd2 O-O 8.
Bd3 Bxc3 9. Bxc3 d6 10. Qd2 Nbd7 11. O-O-O Nc5 12. Rhe1 b6 13. Ng1 Bb7 14. f3
Qc7 15. g4 Rfe8 16. g5 Nfd7 17. Bf1 d5 18. exd5 e4 19. Qd4 Qf4+ 20. Bd2 Qf5 21.
Bh3 Qxd5 22. Bc3 Qxg5+ 23. Kb1 Nf6 24. Ne2 exf3 25. Rg1 Qd5 26. Rxg7+ Kf8 27.
Qxf6 Qxd1+ 28. Nc1 Qxc1+ 29. Kxc1 Re1+ 30. Bxe1 1-0

[Event "V Campeonato de España de Selecciones Au"]
[Site "Tossa de Mar"]
[Date "2010.04.30"]
[Round "2"]
[White "Mascaro March, Pedro"]
[Black "Huerga Leache, Mikel"]
[Result "0-1"]
[WhiteElo "2359"]
[BlackElo "2446"]
[PlyCount "158"]
[EventDate "2010.04.29"]
[EventType "team"]
[EventRounds "6"]
[EventCountry "ESP"]
[WhiteTeam "Balears"]
[BlackTeam "Navarra"]

1. d4 d5 2. c4 c6 3. Nf3 Nf6 4. e3 Bf5 5. Nc3 e6 6. Bd3 Bxd3 7. Qxd3 Bb4 8. Bd2
O-O 9. O-O Bxc3 10. Bxc3 Nbd7 11. Nd2 Re8 12. e4 dxc4 13. Qxc4 e5 14. dxe5 Nxe5
15. Qb3 Qc7 16. f4 Ned7 17. Rae1 Rad8 18. Bd4 c5 19. Bc3 c4 20. Qb5 a6 21. Qg5
b5 22. Kh1 Qc6 23. Re3 h6 24. Qh4 Nf8 25. f5 Rd3 26. Rxd3 cxd3 27. Bxf6 Qxf6
28. Qxf6 gxf6 29. Rc1 Nd7 30. Kg1 Ne5 31. b3 a5 32. Kf2 a4 33. b4 Rb8 34. Rc5
Nc4 35. Ke1 Na3 36. Nf3 Re8 37. Nd2 Rd8 38. Nf3 h5 39. h4 Kg7 40. Rc3 Nc4 41.
Nd2 Rd4 42. Kd1 Nxd2 43. Kxd2 Rxe4 44. a3 Rxh4 45. Rc5 Rg4 46. Rxb5 Rxg2+ 47.
Kxd3 Rg3+ 48. Ke2 Rxa3 49. Ra5 Kh6 50. Ra7 Kg5 51. Rxf7 Rb3 52. Rb7 Kxf5 53. b5
Kf4 54. Ra7 Rb2+ 55. Kf1 Kf3 56. Kg1 Kg3 57. Rg7+ Kh3 58. Ra7 Kg3 59. Rg7+ Kf3
60. Ra7 Rxb5 61. Rxa4 f5 62. Rc4 Kg3 63. Rc3+ Kg4 64. Ra3 f4 65. Ra8 Kg3 66.
Rg8+ Kf3 67. Rh8 h4 68. Kh2 Rb2+ 69. Kg1 Rg2+ 70. Kh1 Rg4 71. Kh2 Rg2+ 72. Kh1
Rc2 73. Rg8 Ke3 74. Re8+ Kf2 75. Ra8 f3 76. Rh8 Kf1 77. Rxh4 Rc7 78. Kh2 f2 79.
Rh6 Re7 0-1

[Event "V Campeonato de España de Selecciones Au"]
[Site "Tossa de Mar"]
[Date "2010.04.30"]
[Round "2"]
[White "De La Villa Garcia, Jesus Maria"]
[Black "Tattersall Rodriguez, Lester"]
[Result "1-0"]
[WhiteElo "2494"]
[BlackElo "2285"]
[PlyCount "55"]
[EventDate "2010.04.29"]
[EventType "team"]
[EventRounds "6"]
[EventCountry "ESP"]
[WhiteTeam "Navarra"]
[BlackTeam "Balears"]

1. e4 c5 2. Nf3 d6 3. d4 cxd4 4. Nxd4 Nf6 5. f3 e5 6. Nb3 d5 7. Bg5 dxe4 8.
Qxd8+ Kxd8 9. fxe4 Be7 10. Nc3 Nbd7 11. Bc4 Ke8 12. Nb5 Kf8 13. Nd2 Rb8 14.
Nxa7 Nc5 15. Nxc8 Rxc8 16. Bxf6 Bxf6 17. Bd5 b5 18. Ke2 Bd8 19. c4 b4 20. Rhf1
f6 21. Rf3 Rb8 22. Nb3 Na4 23. a3 Ke7 24. Bc6 Nxb2 25. Bb5 Rc8 26. axb4 Nxc4
27. Ra7+ Kf8 28. Nc5 1-0

[Event "V Campeonato de España de Selecciones Au"]
[Site "Tossa de Mar"]
[Date "2010.04.30"]
[Round "2"]
[White "Munoz Agullo, Jose Francisco"]
[Black "Navarro Cia, Miguel"]
[Result "1/2-1/2"]
[WhiteElo "2274"]
[BlackElo "2326"]
[PlyCount "62"]
[EventDate "2010.04.29"]
[EventType "team"]
[EventRounds "6"]
[EventCountry "ESP"]
[WhiteTeam "Balears"]
[BlackTeam "Navarra"]

1. d4 g6 2. c4 f5 3. Nc3 Nf6 4. h4 d6 5. Bg5 Bg7 6. Qd2 O-O 7. Bh6 e5 8. Bxg7
Kxg7 9. Nf3 Nc6 10. O-O-O Ne4 11. Qe3 Nxc3 12. Qxc3 Qf6 13. e3 e4 14. Nd2 Bd7
15. Be2 Rae8 16. g3 h6 17. Rdg1 Kh7 18. Bd1 a6 19. Bc2 h5 20. Kb1 b5 21. c5 d5
22. Nb3 a5 23. Nc1 b4 24. Qd2 Ne7 25. Ne2 Bb5 26. Nf4 c6 27. Qd1 Ng8 28. Ba4
Rb8 29. Bxb5 Rxb5 30. Qe2 Rfb8 31. Rc1 Nh6 1/2-1/2

[Event "V Campeonato de España de Selecciones Au"]
[Site "Tossa de Mar"]
[Date "2010.04.30"]
[Round "2"]
[White "Zamarbide Inarrea, Daniel"]
[Black "Gaya Llodra, Juan"]
[Result "1-0"]
[WhiteElo "2162"]
[BlackElo "2262"]
[PlyCount "53"]
[EventDate "2010.04.29"]
[EventType "team"]
[EventRounds "6"]
[EventCountry "ESP"]
[WhiteTeam "Navarra"]
[BlackTeam "Balears"]

1. e4 Nf6 2. e5 Nd5 3. d4 d6 4. c4 Nb6 5. exd6 cxd6 6. Nc3 g6 7. a4 a5 8. c5
dxc5 9. Bb5+ N6d7 10. Bf4 Bg7 11. Nd5 e5 12. dxe5 O-O 13. Nf3 Nb6 14. Nf6+ Bxf6
15. exf6 Qxd1+ 16. Rxd1 Be6 17. Bh6 Rc8 18. Rd6 Nc6 19. Ng5 Bc4 20. f3 Rd8 21.
Ne4 Rxd6 22. Nxd6 Bxb5 23. axb5 Nd4 24. Kf2 Nd7 25. Re1 Ne6 26. Rxe6 fxe6 27.
f7+ 1-0

[Event "V Campeonato de España de Selecciones Au"]
[Site "Tossa de Mar"]
[Date "2010.04.30"]
[Round "2"]
[White "Castell Cantero, Salvador"]
[Black "Montoya Irigoyen, Inigo"]
[Result "1-0"]
[WhiteElo "1945"]
[BlackElo "2083"]
[PlyCount "103"]
[EventDate "2010.04.29"]
[EventType "team"]
[EventRounds "6"]
[EventCountry "ESP"]
[WhiteTeam "Balears"]
[BlackTeam "Navarra"]

1. d4 Nf6 2. c4 e6 3. a3 b6 4. Nc3 Ba6 5. e4 d5 6. e5 Ne4 7. Nxe4 dxe4 8. Be3
Be7 9. Qg4 O-O 10. Qxe4 Nd7 11. Bd3 g6 12. h4 c5 13. h5 cxd4 14. Bxd4 Bc5 15.
hxg6 Bxd4 16. gxf7+ Rxf7 17. Qg4+ Kh8 18. Qxd4 Qg5 19. Rxh7+ Rxh7 20. Bxh7 Nc5
21. Bc2 Rd8 22. Qe3 Qxe3+ 23. fxe3 Bxc4 24. Nf3 Rg8 25. Kf2 Bd3 26. Rh1+ Kg7
27. Bd1 Ne4+ 28. Ke1 Kf8 29. Rg1 Rg3 30. Be2 Bc2 31. Nd4 Ba4 32. Bf3 Nc5 33.
Ke2 Ke7 34. Rh1 Rg7 35. Rh6 Bd7 36. b4 Na4 37. Kd3 a5 38. Ke4 axb4 39. axb4
Nc3+ 40. Kf4 Rf7+ 41. Kg5 Rg7+ 42. Kh5 Nd5 43. Bxd5 exd5 44. Rxb6 Rxg2 45. Rb7
Kd8 46. e6 Be8+ 47. Kh4 Rg1 48. Rb8+ Ke7 49. b5 Bg6 50. b6 Rb1 51. b7 Be8 52.
Nf5+ 1-0

[Event "V Campeonato de España de Selecciones Au"]
[Site "Tossa de Mar"]
[Date "2010.04.30"]
[Round "2"]
[White "Mauleon Carranza, Nerea"]
[Black "Gallardo Pina, Neus"]
[Result "1-0"]
[WhiteElo "1823"]
[BlackElo "1808"]
[PlyCount "59"]
[EventDate "2010.04.29"]
[EventType "team"]
[EventRounds "6"]
[EventCountry "ESP"]
[WhiteTeam "Navarra"]
[BlackTeam "Balears"]

1. e4 c5 2. d3 g6 3. g3 Bg7 4. Bg2 Nc6 5. f4 d6 6. Nf3 Bg4 7. c3 Qd7 8. h3 Bxf3
9. Qxf3 f5 10. O-O O-O-O 11. Be3 h5 12. h4 Nh6 13. Na3 Rhf8 14. Rac1 Ng4 15. d4
Nxe3 16. Qxe3 b6 17. Rfd1 cxd4 18. cxd4 Kb7 19. exf5 d5 20. fxg6 Qf5 21. b4 Bf6
22. b5 Nb8 23. Qd3 Qg4 24. Kh1 Qd7 25. Nc4 e6 26. Ne5 Qg7 27. Bh3 Bxe5 28. dxe5
Rde8 29. Re1 Nd7 30. Bxe6 1-0

[Event "V Campeonato de España de Selecciones Au"]
[Site "Tossa de Mar"]
[Date "2010.04.30"]
[Round "2"]
[White "Vila Gazquez, Xavier"]
[Black "Cacho Reigadas, Sergio"]
[Result "1-0"]
[WhiteElo "2456"]
[BlackElo "2496"]
[PlyCount "57"]
[EventDate "2010.04.29"]
[EventType "team"]
[EventRounds "6"]
[EventCountry "ESP"]
[WhiteTeam "Catalunya B"]
[BlackTeam "Cantabria"]

1. e4 g6 2. d4 Bg7 3. Nc3 c6 4. Be3 d5 5. e5 f6 6. f4 Nh6 7. Nf3 Qb6 8. Na4
Qa5+ 9. c3 Nd7 10. b4 Qc7 11. Be2 O-O 12. O-O b5 13. Nc5 Nxc5 14. bxc5 Rb8 15.
a4 b4 16. cxb4 Rxb4 17. h3 Bf5 18. g4 Be4 19. Nd2 f5 20. Nxe4 fxe4 21. Qd2 Rfb8
22. Ra2 Nf7 23. Bd1 Qc8 24. f5 Nxe5 25. dxe5 Bxe5 26. Qf2 gxf5 27. gxf5 Kh8 28.
Rd2 Qf8 29. Kh1 1-0

[Event "V Campeonato de España de Selecciones Au"]
[Site "Tossa de Mar"]
[Date "2010.04.30"]
[Round "2"]
[White "Bolado Saez, Sergio"]
[Black "Lillo Castay, Victor"]
[Result "1-0"]
[WhiteElo "2335"]
[BlackElo "2300"]
[PlyCount "117"]
[EventDate "2010.04.29"]
[EventType "team"]
[EventRounds "6"]
[EventCountry "ESP"]
[WhiteTeam "Cantabria"]
[BlackTeam "Catalunya B"]

1. d4 Nf6 2. Nf3 e6 3. g3 b5 4. Bg2 Bb7 5. O-O c5 6. c3 cxd4 7. cxd4 Be7 8. Nc3
Qb6 9. Re1 d5 10. Bf4 O-O 11. Qb3 a6 12. Na4 Qa7 13. Nc5 Bxc5 14. dxc5 Qxc5 15.
Rac1 Qb6 16. Bc7 Qa7 17. Bd6 Rc8 18. Rxc8+ Bxc8 19. Rc1 Nbd7 20. Ne5 Nxe5 21.
Rc7 Qb6 22. Bxe5 Ng4 23. Qc3 Qxf2+ 24. Kh1 Bb7 25. Bd4 Qxe2 26. Qf3 Qe1+ 27.
Bf1 Rf8 28. Rxb7 Ne5 29. Qe2 Qxe2 30. Bxe2 Nc6 31. Bc5 Rc8 32. Rb6 Nb8 33. Bd6
Nc6 34. Rxa6 Nd4 35. Bd3 f6 36. Bf4 e5 37. Be3 e4 38. Bxe4 dxe4 39. Bxd4 Rd8
40. Be3 Rd1+ 41. Kg2 Rb1 42. Bd4 f5 43. Rd6 g5 44. Rd5 Rd1 45. Rd8+ Kf7 46. Bf6
Rb1 47. Bxg5 Rxb2+ 48. Rd2 Rb1 49. Be3 Ke6 50. h4 Ke7 51. h5 Ke6 52. h6 b4 53.
Bf4 b3 54. Rd6+ Ke7 55. axb3 Rxb3 56. Ra6 Rb2+ 57. Kh3 Rb7 58. Bg5+ Ke8 59.
Re6+ 1-0

[Event "V Campeonato de España de Selecciones Au"]
[Site "Tossa de Mar"]
[Date "2010.04.30"]
[Round "2"]
[White "Colon Garcia, Enrique"]
[Black "Perez Lopez, Jesus Maria"]
[Result "0-1"]
[WhiteElo "2249"]
[BlackElo "2266"]
[PlyCount "76"]
[EventDate "2010.04.29"]
[EventType "team"]
[EventRounds "6"]
[EventCountry "ESP"]
[WhiteTeam "Catalunya B"]
[BlackTeam "Cantabria"]

1. e4 e6 2. d4 d5 3. Nd2 Be7 4. Bd3 a6 5. Ngf3 Nf6 6. O-O dxe4 7. Nxe4 Nbd7 8.
Neg5 O-O 9. Ne5 c5 10. Qe2 Qb6 11. a4 cxd4 12. a5 Qc5 13. Bf4 Nxe5 14. Bxe5 h6
15. Bxf6 Bxf6 16. Nh7 Rd8 17. Nxf6+ gxf6 18. f4 Bd7 19. Qg4+ Kf8 20. Qh4 Ke7
21. Rfe1 Bb5 22. Re5 Rd5 23. b4 Qd6 24. Bxb5 Rxb5 25. Rxb5 axb5 26. f5 e5 27.
Qe4 Qc6 28. Qxc6 bxc6 29. c3 dxc3 30. Rc1 c5 31. Rxc3 cxb4 32. Rb3 Kd6 33. Rxb4
Kc5 34. Rb1 Rxa5 35. Rc1+ Kd4 36. Rc7 b4 37. Rb7 Kc4 38. Rc7+ Rc5 0-1

[Event "V Campeonato de España de Selecciones Au"]
[Site "Tossa de Mar"]
[Date "2010.04.30"]
[Round "2"]
[White "Martin Fuentes, Alberto"]
[Black "Sanchez Ibern, Marc"]
[Result "1/2-1/2"]
[WhiteElo "2247"]
[BlackElo "2265"]
[PlyCount "52"]
[EventDate "2010.04.29"]
[EventType "team"]
[EventRounds "6"]
[EventCountry "ESP"]
[WhiteTeam "Cantabria"]
[BlackTeam "Catalunya B"]

1. e4 e5 2. Nc3 Nf6 3. Bc4 Nc6 4. d3 Bc5 5. Bg5 h6 6. Bh4 d6 7. Na4 Na5 8. Bb3
Nxb3 9. axb3 Bg4 10. Ne2 g5 11. Nxc5 dxc5 12. Bg3 Nd7 13. h4 Qf6 14. Qd2 Bxe2
15. Kxe2 g4 16. h5 Rg8 17. Bh4 Qd6 18. Qe3 Nf8 19. Kd2 Kd7 20. Raf1 Ne6 21.
Qxh6 Nf4 22. Qh7 Qe6 23. Bg3 Nxg2 24. Rfg1 Nf4 25. Bxf4 exf4 26. Qf5 Qxf5
1/2-1/2

[Event "V Campeonato de España de Selecciones Au"]
[Site "Tossa de Mar"]
[Date "2010.04.30"]
[Round "2"]
[White "Martinez Ramirez, Erik"]
[Black "Ruiz Marana, Alejandro"]
[Result "1-0"]
[WhiteElo "2162"]
[BlackElo "2206"]
[PlyCount "121"]
[EventDate "2010.04.29"]
[EventType "team"]
[EventRounds "6"]
[EventCountry "ESP"]
[WhiteTeam "Catalunya B"]
[BlackTeam "Cantabria"]

1. e4 Nf6 2. e5 Nd5 3. c4 Nb6 4. d4 d6 5. exd6 exd6 6. Nc3 Be7 7. Be3 Nc6 8.
Bd3 Bf6 9. Nge2 O-O 10. a3 Re8 11. O-O Bg4 12. Qc2 g6 13. b4 d5 14. c5 Nc8 15.
h3 Be6 16. Qd2 N6e7 17. Nf4 Qd7 18. Nxe6 fxe6 19. Rae1 Nf5 20. Bxf5 gxf5 21.
Bg5 Bg7 22. Bh6 Ne7 23. Bxg7 Kxg7 24. Qg5+ Ng6 25. Re2 Qe7 26. Qxe7+ Rxe7 27.
Rfe1 Kf7 28. g3 Rg8 29. Kf1 Rge8 30. Re3 c6 31. h4 Kf6 32. b5 e5 33. bxc6 bxc6
34. dxe5+ Nxe5 35. Ne2 Nc4 36. Rxe7 Rxe7 37. Rd1 Nxa3 38. Nd4 Nb5 39. Nxc6 Rc7
40. Nb4 Rxc5 41. Nxd5+ Ke5 42. Nf4 Kf6 43. Rd7 a5 44. Rxh7 a4 45. Rh6+ Kf7 46.
Ra6 a3 47. Ra5 Rc1+ 48. Kg2 Rb1 49. h5 Kg7 50. Ra6 Rb2 51. h6+ Kh7 52. Nh3 Nc7
53. Ng5+ Kh8 54. Rxa3 Rb6 55. Ra7 Rc6 56. Rb7 Na6 57. Rh7+ Kg8 58. Rg7+ Kf8 59.
Rf7+ Ke8 60. h7 Rh6 61. Rf6 1-0

[Event "V Campeonato de España de Selecciones Au"]
[Site "Tossa de Mar"]
[Date "2010.04.30"]
[Round "2"]
[White "Calvo Fernandez, Isabel"]
[Black "Marin Benito, Carla"]
[Result "0-1"]
[WhiteElo "1562"]
[BlackElo "1812"]
[PlyCount "66"]
[EventDate "2010.04.29"]
[EventType "team"]
[EventRounds "6"]
[EventCountry "ESP"]
[WhiteTeam "Cantabria"]
[BlackTeam "Catalunya B"]

1. e4 e5 2. Nf3 Nc6 3. d4 exd4 4. Bc4 Nf6 5. Ng5 d5 6. exd5 Na5 7. Qxd4 Nxc4 8.
Qxc4 h6 9. Nf3 Nxd5 10. O-O c6 11. Rd1 Qf6 12. Nbd2 Bf5 13. Ne4 Bxe4 14. Qxe4+
Be7 15. Ne5 Qe6 16. c4 Nf6 17. Qe1 O-O 18. b3 Rad8 19. Bb2 Bc5 20. h3 Rfe8 21.
Rxd8 Rxd8 22. Kh1 Re8 23. f3 Qf5 24. Qc3 Rd8 25. Re1 Bf2 26. Rf1 Bd4 27. Qd3
Qxe5 28. Rd1 c5 29. b4 b6 30. a4 Nh5 31. a5 Ng3+ 32. Kh2 Nf1+ 33. Kh1 Qh2# 0-1

[Event "V Campeonato de España de Selecciones Au"]
[Site "Tossa de Mar"]
[Date "2010.04.30"]
[Round "3"]
[White "Gomez Esteban, Juan Mario"]
[Black "Arribas Lopez, Angel"]
[Result "0-1"]
[WhiteElo "2490"]
[BlackElo "2441"]
[PlyCount "96"]
[EventDate "2010.04.29"]
[EventType "team"]
[EventRounds "6"]
[EventCountry "ESP"]
[WhiteTeam "Euskadi"]
[BlackTeam "Madrid"]

1. d4 Nf6 2. c4 e6 3. Nf3 c5 4. e3 d5 5. cxd5 exd5 6. Bb5+ Bd7 7. Bxd7+ Nbxd7
8. dxc5 Nxc5 9. O-O Bd6 10. Nc3 Rc8 11. b3 O-O 12. Bb2 Bb8 13. Rc1 Re8 14. Rc2
Qd7 15. Nxd5 Qxd5 16. Bxf6 Qxd1 17. Rxd1 gxf6 18. Rdc1 b6 19. b4 Bd6 20. bxc5
Rxc5 21. Rxc5 Bxc5 22. Kf1 Re4 23. Ke2 Kf8 24. Rc2 Ke7 25. h3 Ra4 26. Nd2 Kd7
27. g4 Be7 28. Nb3 a5 29. Rd2+ Kc7 30. Nd4 Rb4 31. Rc2+ Kd7 32. Nc6 Rb1 33.
Nxe7 Kxe7 34. Kf3 Kd6 35. Kf4 b5 36. Kf5 a4 37. f4 a3 38. Kxf6 Rb2 39. Rc1 Rxa2
40. e4 b4 41. Kxf7 Re2 42. e5+ Kd5 43. Rd1+ Kc4 44. Rc1+ Kd3 45. Ra1 a2 46. e6
b3 47. f5 Re4 48. e7 b2 0-1

[Event "V Campeonato de España de Selecciones Au"]
[Site "Tossa de Mar"]
[Date "2010.04.30"]
[Round "3"]
[White "Moreno Ruiz, Javier"]
[Black "Franco Alonso, Alejandro"]
[Result "1/2-1/2"]
[WhiteElo "2459"]
[BlackElo "2472"]
[PlyCount "43"]
[EventDate "2010.04.29"]
[EventType "team"]
[EventRounds "6"]
[EventCountry "ESP"]
[WhiteTeam "Madrid"]
[BlackTeam "Euskadi"]

1. d4 Nf6 2. c4 e6 3. Nf3 b6 4. g3 Ba6 5. Qa4 Bb7 6. Bg2 c5 7. O-O cxd4 8. Nxd4
Bxg2 9. Kxg2 Qc8 10. Rd1 Nc6 11. Nxc6 Qxc6+ 12. Qxc6 dxc6 13. Bf4 Rd8 14. Nc3
Bb4 15. Be5 Ke7 16. a3 Bd6 17. Rxd6 Rxd6 18. Bxd6+ Kxd6 19. Rd1+ Ke7 20. Kf3
Rd8 21. Rxd8 Kxd8 22. h3 1/2-1/2

[Event "V Campeonato de España de Selecciones Au"]
[Site "Tossa de Mar"]
[Date "2010.04.30"]
[Round "3"]
[White "Argandona Riveiro, Inigo"]
[Black "Almagro Llamas, Pablo"]
[Result "1/2-1/2"]
[WhiteElo "2388"]
[BlackElo "2450"]
[PlyCount "71"]
[EventDate "2010.04.29"]
[EventType "team"]
[EventRounds "6"]
[EventCountry "ESP"]
[WhiteTeam "Euskadi"]
[BlackTeam "Madrid"]

1. Nf3 d5 2. c4 c6 3. e3 Nf6 4. Nc3 a6 5. d4 b5 6. b3 Bg4 7. Be2 e6 8. O-O Nbd7
9. h3 Bh5 10. Bb2 Bd6 11. Ne5 Bxe2 12. Nxe2 Qc7 13. cxd5 cxd5 14. Rc1 Qb8 15.
Nxd7 Kxd7 16. f3 Qb7 17. e4 dxe4 18. d5 e3 19. dxe6+ fxe6 20. Bxf6 gxf6 21. Qd4
Ke7 22. Qxe3 Kf7 23. Qh6 Rad8 24. Nc3 Qb6+ 25. Kh1 Bb8 26. Ne4 Qd4 27. Rc5 Rd5
28. Rxd5 exd5 29. Qh5+ Ke7 30. Qg4 Kf8 31. Qc8+ Kg7 32. Qd7+ Kg6 33. Qg4+ Kh6
34. Qh4+ Kg6 35. Qg4+ Kh6 36. Qh4+ 1/2-1/2

[Event "V Campeonato de España de Selecciones Au"]
[Site "Tossa de Mar"]
[Date "2010.04.30"]
[Round "3"]
[White "Roa Alonso, Santiago"]
[Black "Alonso Arburu, Juan Ignacio"]
[Result "0-1"]
[WhiteElo "2434"]
[BlackElo "2372"]
[PlyCount "70"]
[EventDate "2010.04.29"]
[EventType "team"]
[EventRounds "6"]
[EventCountry "ESP"]
[WhiteTeam "Madrid"]
[BlackTeam "Euskadi"]

1. e4 e6 2. d4 d5 3. Nc3 Bb4 4. e5 b6 5. Qg4 Bf8 6. Nh3 Qd7 7. a4 a5 8. Nb5 f5
9. exf6 Nxf6 10. Qg3 Na6 11. Bf4 Ne4 12. Qe3 Be7 13. Bd3 c6 14. Nc3 Nd6 15. Be5
O-O 16. Qg3 Rf7 17. Nf4 Nb4 18. O-O c5 19. Rfe1 Nxd3 20. Nxd3 cxd4 21. Ne2 Ba6
22. Nxd4 Ne4 23. Qe3 Raf8 24. f3 Nc5 25. Bg3 Nxd3 26. cxd3 Bc5 27. Bf2 Re7 28.
f4 g5 29. Qg3 Qd6 30. Re5 Kh8 31. Rxg5 Ref7 32. Nf3 Bxd3 33. Ne5 Bxf2+ 34. Kxf2
Rxf4+ 35. Ke1 Qb4+ 0-1

[Event "V Campeonato de España de Selecciones Au"]
[Site "Tossa de Mar"]
[Date "2010.04.30"]
[Round "3"]
[White "Munoz Perez, Miriam"]
[Black "Anton Guijarro, David"]
[Result "0-1"]
[WhiteElo "2064"]
[BlackElo "2304"]
[PlyCount "94"]
[EventDate "2010.04.29"]
[EventType "team"]
[EventRounds "6"]
[EventCountry "ESP"]
[WhiteTeam "Euskadi"]
[BlackTeam "Madrid"]

1. e4 c5 2. Nf3 Nc6 3. d4 cxd4 4. Nxd4 Nf6 5. Nc3 d6 6. Be2 Nxd4 7. Qxd4 g6 8.
O-O Bg7 9. Bg5 O-O 10. Qd2 Be6 11. Bh6 Qa5 12. Rfd1 Bxh6 13. Qxh6 Rfc8 14. Bf3
Qe5 15. Qh4 b5 16. a3 a5 17. Qg3 Qxg3 18. hxg3 Rab8 19. Rd2 g5 20. Re1 b4 21.
Nd5 Bxd5 22. exd5 bxa3 23. bxa3 Kf8 24. Rde2 Rb7 25. Rd2 g4 26. Be2 Rc3 27. a4
Rb2 28. Rc1 h5 29. Kf1 Ne4 30. Rd4 Rcxc2 31. Rxc2 Rxc2 32. Bd3 Rc1+ 33. Ke2 Nc5
34. Bb5 Rc2+ 35. Ke3 Ra2 36. Rf4 Ra1 37. Bc6 Ra3+ 38. Ke2 f6 39. Kd2 Kg7 40.
Kc2 Nd3 41. Re4 Kf8 42. Re3 Nb4+ 43. Kb2 Ra2+ 44. Kb3 Rxf2 45. Kc4 Rc2+ 46. Kb5
Rc5+ 47. Kb6 Nxd5+ 0-1

[Event "V Campeonato de España de Selecciones Au"]
[Site "Tossa de Mar"]
[Date "2010.04.30"]
[Round "3"]
[White "Collado Barbas, Laura"]
[Black "Garro Beraza, Julen"]
[Result "1-0"]
[WhiteElo "2055"]
[BlackElo "1881"]
[PlyCount "57"]
[EventDate "2010.04.29"]
[EventType "team"]
[EventRounds "6"]
[EventCountry "ESP"]
[WhiteTeam "Madrid"]
[BlackTeam "Euskadi"]

1. d4 Nf6 2. c4 g6 3. Nc3 Bg7 4. Nf3 O-O 5. e4 d6 6. Be3 e5 7. dxe5 dxe5 8.
Qxd8 Rxd8 9. Nd5 Nxd5 10. cxd5 c6 11. Bc4 cxd5 12. Bxd5 Na6 13. O-O-O Re8 14.
Ng5 Re7 15. Bb3 Be6 16. Nxe6 fxe6 17. Rd6 Kf7 18. Rhd1 Rc8+ 19. Kb1 Nc5 20.
Bxc5 Rxc5 21. a3 Rcc7 22. R1d3 g5 23. Rf3+ Bf6 24. Rh3 Kg7 25. Bxe6 Rc5 26. Rf3
Rec7 27. Bd5 Be7 28. Rf7+ Kh8 29. Re6 1-0

[Event "V Campeonato de España de Selecciones Au"]
[Site "Tossa de Mar"]
[Date "2010.04.30"]
[Round "3"]
[White "Alsina Leal, Daniel"]
[Black "Dominguez Pons, Eric"]
[Result "1-0"]
[WhiteElo "2548"]
[BlackElo "2312"]
[PlyCount "91"]
[EventDate "2010.04.29"]
[EventType "team"]
[EventRounds "6"]
[EventCountry "ESP"]
[WhiteTeam "Catalunya A"]
[BlackTeam "Catalunya B"]

1. e4 c5 2. Nf3 d6 3. d4 cxd4 4. Nxd4 Nf6 5. Nc3 a6 6. Bg5 e6 7. f4 Nbd7 8. Qe2
Qc7 9. O-O-O Be7 10. g3 b5 11. Bg2 Bb7 12. e5 dxe5 13. fxe5 Nd5 14. Bxe7 Nxc3
15. bxc3 Kxe7 16. Bxb7 Qxb7 17. Qg4 Rag8 18. Rhf1 Qb6 19. Qf4 Rf8 20. Nb3 f6
21. Qb4+ Ke8 22. exf6 Nxf6 23. Rfe1 Kf7 24. Rd6 Qc7 25. Rdxe6 Re8 26. Nc5 Rxe6
27. Nxe6 Qc4 28. Ng5+ Kg6 29. Nf3 Qxb4 30. cxb4 Kf5 31. h3 Ne4 32. Nd4+ Ke5 33.
Ne2 Rc8 34. Kb2 Rc4 35. a3 Nf6 36. Nc3+ Kd4 37. Rd1+ Ke3 38. Kb3 Rc8 39. a4
bxa4+ 40. Nxa4 Ne4 41. Rd3+ Ke2 42. Nc3+ Nxc3 43. Rxc3 Rb8 44. Rc7 a5 45. c3
axb4 46. cxb4 1-0

[Event "V Campeonato de España de Selecciones Au"]
[Site "Tossa de Mar"]
[Date "2010.04.30"]
[Round "3"]
[White "Lillo Castay, Victor"]
[Black "Narciso Dublan, Marc"]
[Result "0-1"]
[WhiteElo "2300"]
[BlackElo "2530"]
[PlyCount "78"]
[EventDate "2010.04.29"]
[EventType "team"]
[EventRounds "6"]
[EventCountry "ESP"]
[WhiteTeam "Catalunya B"]
[BlackTeam "Catalunya A"]

1. e4 c6 2. Nc3 d5 3. Nf3 dxe4 4. Nxe4 Nf6 5. Nxf6+ exf6 6. d4 Bd6 7. Bd3 O-O
8. O-O Bg4 9. h3 Bh5 10. c3 Re8 11. Qb3 Qb6 12. Nd2 Nd7 13. Nc4 Qxb3 14. axb3
Bc7 15. Bd2 Bg6 16. Bxg6 hxg6 17. b4 f5 18. Rfe1 a6 19. Na5 Bxa5 20. bxa5 Nf8
21. Kf1 Ne6 22. Rad1 Red8 23. Bc1 Rd6 24. b4 Rad8 25. Ke2 f6 26. Ba3 Kf7 27. h4
R6d7 28. g3 g5 29. hxg5 Nxg5 30. Bb2 Ne4 31. Rh1 Re7 32. Kf1 Rde8 33. Ba1 Nd6
34. Kg2 Re2 35. d5 Ne4 36. Rhf1 Nd2 37. Rh1 cxd5 38. Rh4 Nc4 39. Kf1 Ra2 0-1

[Event "V Campeonato de España de Selecciones Au"]
[Site "Tossa de Mar"]
[Date "2010.04.30"]
[Round "3"]
[White "Romero Holmes, Alfonso"]
[Black "Colon Garcia, Enrique"]
[Result "1-0"]
[WhiteElo "2515"]
[BlackElo "2249"]
[PlyCount "77"]
[EventDate "2010.04.29"]
[EventType "team"]
[EventRounds "6"]
[EventCountry "ESP"]
[WhiteTeam "Catalunya A"]
[BlackTeam "Catalunya B"]

1. c4 Nf6 2. Nc3 e6 3. e4 d5 4. e5 d4 5. exf6 dxc3 6. bxc3 Qxf6 7. Nf3 c5 8.
Bd3 Bd6 9. Be4 Nd7 10. Rb1 Rb8 11. d4 h6 12. O-O O-O 13. Be3 Qe7 14. Re1 b6 15.
Bc2 Rd8 16. Nd2 Bb7 17. Qh5 Rbc8 18. d5 e5 19. Bxh6 gxh6 20. Re3 e4 21. Rxe4
Ne5 22. f4 f5 23. Qxf5 Qf7 24. Rxe5 Bxe5 25. Qxf7+ Kxf7 26. fxe5 Ke7 27. Bf5
Bxd5 28. cxd5 Rxd5 29. Bxc8 Rxd2 30. e6 Rxa2 31. Rd1 a5 32. Rd7+ Ke8 33. Ba6
Ra1+ 34. Kf2 Ra2+ 35. Kf3 Rb2 36. c4 Rb3+ 37. Kf4 Rb1 38. Bb5 Rf1+ 39. Kg3 1-0

[Event "V Campeonato de España de Selecciones Au"]
[Site "Tossa de Mar"]
[Date "2010.04.30"]
[Round "3"]
[White "Sanchez Ibern, Marc"]
[Black "Oms Pallisse, Josep"]
[Result "0-1"]
[WhiteElo "2265"]
[BlackElo "2494"]
[PlyCount "101"]
[EventDate "2010.04.29"]
[EventType "team"]
[EventRounds "6"]
[EventCountry "ESP"]
[WhiteTeam "Catalunya B"]
[BlackTeam "Catalunya A"]

1. e4 c5 2. b3 b6 3. Bb2 Bb7 4. Nc3 e6 5. Nf3 Nf6 6. e5 Ne4 7. Bd3 Nxc3 8. Bxc3
Be7 9. O-O Qc7 10. Re1 Nc6 11. h4 Nb4 12. Bxb4 cxb4 13. Be4 h6 14. Bxb7 Qxb7
15. c4 bxc3 16. dxc3 O-O 17. Re3 Rfd8 18. Rd3 Qc7 19. c4 d6 20. exd6 Rxd6 21.
Rxd6 Bxd6 22. Qe2 Rd8 23. Rd1 Be7 24. Rd3 Rxd3 25. Qxd3 Qd6 26. Qxd6 Bxd6 27.
Nd4 a6 28. Kf1 Bc5 29. Nc2 f5 30. b4 Be7 31. g3 Kf7 32. a3 Kf6 33. Ke2 Ke5 34.
Kd3 Kd6 35. Nd4 g6 36. f4 Bf6 37. c5+ bxc5 38. bxc5+ Kd5 39. c6 Bd8 40. Nf3 Bc7
41. Nd4 h5 42. Nf3 Kxc6 43. Kc4 Bd6 44. a4 Bc7 45. Ne5+ Bxe5 46. fxe5 Kd7 47.
Kd4 Ke7 48. Kd3 g5 49. hxg5 Kf7 50. Ke3 Kg6 51. Kf4 0-1